[Event "Joao Pessoa Fischer Memorial 9th"]
[Site "Joao Pessoa"]
[Date "2018.03.17"]
[Round "3"]
[White "Queiroz, Matheus Erick Silva"]
[Black "Araujo, Jose Roberto"]
[Result "1-0"]
[WhiteElo "1969"]
[BlackElo "2156"]
[PlyCount "53"]
[EventDate "2018.03.16"]
[EventType "swiss"]
[EventRounds "6"]
[EventCountry "BRA"]
[SourceTitle "CBM 183 Extra"]
[Source "ChessBase"]
[SourceDate "2018.04.19"]
[SourceVersion "1"]
[SourceVersionDate "2018.04.19"]
[SourceQuality "1"]

1. e4 c5 2. Nf3 e6 3. d4 cxd4 4. Nxd4 a6 5. Bd3 Qc7 6. 0-0 Nc6 7. Nxc6 dxc6 8. b3 Nf6 9. Bb2 Bd6 10. h3 e5 11. Nd2 Be6 12. Qe2 0-0-0 13. Kh1 h5 14. Bc4 Qe7 15. Qf3 Nd7 16. Rfd1 Bc5 17. Qe2 Bxc4 18. Nxc4 g5 19. Bc3 g4 20. Ba5 Rdg8 21. b4 gxh3 22. g3 Bd4 23. c3 Bxc3 24. Qe3 Bd4 25. Rxd4 exd4 26. Qf4 Nf6 27. Nb6+ 1-0

[Event "Natal Potiguar op 10th"]
[Site "Natal"]
[Date "2015.07.03"]
[Round "2"]
[White "Macedo, Maximo Valerio"]
[Black "Queiroz, Matheus Erick Silva"]
[Result "1/2-1/2"]
[WhiteElo "2081"]
[BlackElo "1874"]
[PlyCount "70"]
[EventDate "2015.07.03"]
[EventType "swiss"]
[EventRounds "6"]
[EventCountry "BRA"]
[SourceTitle "CBM 167 Extra"]
[Source "ChessBase"]
[SourceDate "2015.09.14"]
[SourceVersion "1"]
[SourceVersionDate "2015.09.14"]
[SourceQuality "1"]

1. e4 c6 2. Nc3 d5 3. d4 dxe4 4. Nxe4 Bf5 5. Ng3 Bg6 6. Nf3 Nd7 7. h4 h6 8. h5 Bh7 9. Bd3 Bxd3 10. Qxd3 Ngf6 11. Bd2 e6 12. 0-0-0 Qc7 13. Kb1 0-0-0 14. Qe2 Bd6 15. Nf1 e5 16. dxe5 Bxe5 17. Ne3 Ne4 18. Nc4 Nxd2+ 19. Nfxd2 Kb8 20. Nxe5 Qxe5 21. Qf3 f6 22. Rhe1 Qc7 23. Nc4 Nb6 24. Ne3 Rhe8 25. Rxd8+ Rxd8 26. Rd1 Rxd1+ 27. Qxd1 Nd7 28. Nf5 Nc5 29. Nxg7 a6 30. Ne8 Qb6 31. Nxf6 Qb5 32. a3 Na4 33. Qd4 c5 34. Qe5+ Ka7 35. Ka2 Qc4+ 1/2-1/2

[Event "Potiguar-ch"]
[Site "Natal"]
[Date "2014.08.23"]
[Round "7"]
[White "Queiroz, Matheus Erick Silva"]
[Black "Azevedo, Alcides Alexandre"]
[Result "1/2-1/2"]
[WhiteElo "1844"]
[BlackElo "2048"]
[PlyCount "135"]
[EventDate "2014.08.15"]
[EventType "swiss"]
[EventRounds "9"]
[EventCountry "BRA"]
[SourceTitle "CBM 162 Extra"]
[Source "ChessBase"]
[SourceDate "2014.10.17"]
[SourceVersion "1"]
[SourceVersionDate "2014.10.17"]
[SourceQuality "1"]

1. d4 d5 2. Nf3 c6 3. Bf4 Qb6 4. Qc1 Bf5 5. e3 h6 6. h3 Nd7 7. Nbd2 e6 8. a3 c5 9. c3 Ngf6 10. Ne5 Rc8 11. Bd3 cxd4 12. exd4 Nxe5 13. Bxf5 Nc6 14. Bc2 Be7 15. 0-0 0-0 16. Nf3 Rfd8 17. Qd2 Na5 18. Rab1 Nc4 19. Qe2 Nd6 20. Rfe1 Nde4 21. Nd2 Bd6 22. Nxe4 Nxe4 23. Bxd6 Nxd6 24. g4 Qc7 25. g5 hxg5 26. Qh5 g6 27. Qxg5 Re8 28. Re3 Qd8 29. Qh6 Nf5 30. Bxf5 exf5 31. Rbe1 Qd7 32. h4 Re4 33. f3 Rxe3 34. Rxe3 Re8 35. h5 Re6 36. Kf2 Qd6 37. hxg6 fxg6 38. Re5 Rxe5 39. dxe5 Qb6+ 40. Kf1 Qb5+ 41. Ke1 Qb6 42. f4 Qe3+ 43. Kf1 Qc1+ 44. Kf2 Qxb2+ 45. Kf1 Qc1+ 46. Kf2 Qd2+ 47. Kf1 Qd1+ 48. Kf2 Qh5 49. Qxh5 gxh5 50. Kg3 Kf7 51. Kh4 b5 52. Kxh5 a5 53. Kg5 Ke6 54. Kg6 d4 55. cxd4 b4 56. axb4 axb4 57. d5+ Kxd5 58. Kf7 b3 59. e6 b2 60. e7 b1Q 61. e8Q Qe4 62. Qb5+ Kd4 63. Kf6 Ke3 64. Qe5 Kf3 65. Kg5 Qd3 66. Qf6 Kg3 67. Qe7 Kf3 68. Qb7+ 1/2-1/2

[Event "Potiguar-ch"]
[Site "Natal"]
[Date "2014.08.22"]
[Round "6"]
[White "Macedo, Alexandre Soares"]
[Black "Queiroz, Matheus Erick Silva"]
[Result "1/2-1/2"]
[WhiteElo "1873"]
[BlackElo "1844"]
[PlyCount "76"]
[EventDate "2014.08.15"]
[EventType "swiss"]
[EventRounds "9"]
[EventCountry "BRA"]
[SourceTitle "CBM 162 Extra"]
[Source "ChessBase"]
[SourceDate "2014.10.17"]
[SourceVersion "1"]
[SourceVersionDate "2014.10.17"]
[SourceQuality "1"]

1. b4 d5 2. Bb2 Bf5 3. Nf3 Nf6 4. e3 e6 5. a3 Nbd7 6. c4 c6 7. Nc3 a6 8. h3 Ne4 9. d3 Nxc3 10. Bxc3 Nf6 11. c5 Be7 12. Be2 h6 13. Ra2 0-0 14. Qa1 Kh7 15. g4 Bg6 16. g5 hxg5 17. Nxg5+ Kg8 18. Rg1 Ne8 19. Nxe6 fxe6 20. Rxg6 Bf6 21. Be5 Qe7 22. f4 Kh7 23. Rg4 Bxe5 24. fxe5 Qf7 25. Qd4 Qf2+ 26. Kd2 Nc7 27. Ra1 Nb5 28. Rh4+ Kg8 29. Qg4 Qf5 30. d4 Nc7 31. Rg1 Qxg4 32. Rhxg4 Rf7 33. h4 a5 34. Rb1 axb4 35. Rxb4 Rxa3 36. Rxb7 Ra2+ 37. Kd3 Ra3+ 38. Kd2 Ra2+ 1/2-1/2

[Event "Natal CBX zt"]
[Site "Natal"]
[Date "2014.02.22"]
[Round "2"]
[White "Carneiro, Jose Gildivan"]
[Black "Queiroz, Matheus Erick Silva"]
[Result "0-1"]
[WhiteElo "1628"]
[BlackElo "1809"]
[PlyCount "68"]
[EventDate "2014.02.21"]
[EventType "swiss"]
[EventRounds "5"]
[EventCountry "BRA"]
[SourceTitle "CBM 159 Extra"]
[Source "ChessBase"]
[SourceDate "2014.04.24"]
[SourceVersion "1"]
[SourceVersionDate "2014.04.24"]
[SourceQuality "1"]

1. d4 d5 2. c4 c6 3. Nc3 Nf6 4. Nf3 Bf5 5. h3 e6 6. Nh4 Bg6 7. Qb3 Qb6 8. Qxb6 axb6 9. Nxg6 hxg6 10. Bf4 Nbd7 11. e3 Bb4 12. a3 Ne4 13. Rc1 Bxc3+ 14. bxc3 Rxa3 15. cxd5 exd5 16. Bd3 Rxc3 17. Rxc3 Nxc3 18. Kd2 Ne4+ 19. Bxe4 dxe4 20. Bd6 Nf6 21. Ra1 Kd7 22. Be5 c5 23. Bxf6 gxf6 24. d5 Kd6 25. Kc3 Kxd5 26. Rd1+ Kc6 27. Rf1 f5 28. f3 Re8 29. g4 exf3 30. Rxf3 fxg4 31. hxg4 f5 32. g5 Re4 33. Rh3 Rg4 34. Rh8 Rxg5 0-1